On This Day: August 6th Quiz Stats

 Plays Quiz Updated Feb 26, 2019

Score 0/7 Timer 03:00
1 Play Today
Question Answer Wrong Answers
This American painter and photographer, who is known for his work ‘Campbell's Soup Cans’ among others, is born.
1928
Andy Warhol
94.7%
Henri Matisse
1.3%
Jeff Koons
1.1%
Jean-Michel Basquiat
0.9%
The Bull Moose Party, which was a political party formed by this former president, meets at the Chicago Coliseum.
1912
Theodore Roosevelt
77.5%
Grover Cleveland
12.1%
Benjamin Harrison
3.4%
Chester A. Arthur
5.5%
This Japanese city is devastated when the United States drops the 'Little Boy' atomic bomb with a B-29 Enola Gay.
1945
Hiroshima
76.4%
Nagasaki
19.4%
Tokyo
0.7%
Osaka
0.9%
Francis II dissolves the ______ after a defeat by Napoleon.
1806
Holy Roman Empire
72.5%
Spanish Empire
16.6%
Macedonian Empire
8.2%
Swedish Empire
2.6%
Jamaica gains independence from this country.
1962
United Kingdom
68.2%
United States
3.9%
France
18.5%
Spain
6.5%
This man releases files describing his idea for the World Wide Web. WWW debuts as a publicly available service on the Internet.
1991
Tim Berners-Lee
66.9%
Bill Gates
12%
Robert E. Kahn
9.8%
Steve Jobs
7.7%
US President Lyndon B. Johnson signs the ______ Act of 1965 into law, which prohibits racial discrimination in voting.
1965
Voting Rights
41.4%
Ballot
1.7%
Free Choice
1.9%
Civil Rights
51.8%

You're not logged in!

Compare scores with friends on all Sporcle quizzes.
OR
Log In

Show Comments

Extras

Top Quizzes Today


Score Distribution

Your Account Isn't Verified!

In order to create a playlist on Sporcle, you need to verify the email address you used during registration. Go to your Sporcle Settings to finish the process.

Report this User

Report this user for behavior that violates our Community Guidelines.

Details: